|
|
|
|
| LEADER |
01576nam a2200289 a 4500 |
| 001 |
16150174 |
| 008 |
120611s2009 bg ab b 100 0 eng d |
| 010 |
|
|
|a 2010319112
|
| 020 |
|
|
|a 9789843309532 (pbk.)
|
| 040 |
|
|
|a DLC
|c DLC
|d DLC
|d BD-DhAAL
|
| 082 |
0 |
0 |
|a 551.695492
|2 22
|
| 111 |
2 |
|
|a Special Conference on Climate Change and Bangladesh Development Strategy: Domestic Policies and International Cooperation
|d (2009 :
|c Dhaka, Bangladesh)
|
| 245 |
1 |
0 |
|a Climate change and the tasks for Bangladesh :
|b proceedings of the Special Conference on Climate Change and Bangladesh Development Strategy: Domestic Policies and International Cooperation, held in Dhaka on January 2, 2009 /
|c editors, Dipen Bhattacharya ... [et al.].
|
| 246 |
1 |
4 |
|a Jalabāẏu paribartana o Bāṃlādeśera karaṇīẏa
|
| 260 |
|
|
|a Dhaka :
|b Bangladesh Poribesh Andolon :
|b Bangladesh Environment Network,
|c c2009.
|
| 300 |
|
|
|a vi, 287 p. :
|b ill., maps ;
|c 23 cm.
|
| 546 |
|
|
|a Includes several presentations in Bengali.
|
| 504 |
|
|
|a Includes bibliographical references.
|
| 541 |
1 |
|
|e 00025373
|
| 650 |
|
0 |
|a Climatic changes
|z Bangladesh
|v Congresses.
|
| 651 |
|
0 |
|a Bangladesh
|x Climate
|v Congresses.
|
| 700 |
1 |
|
|a Bhattacharya, Dipen.
|
| 710 |
2 |
|
|a Bangladesh Poribesh Andolon.
|
| 710 |
2 |
|
|a Bangladesh Environment Network.
|
| 852 |
1 |
|
|a Ayesha Abed Library
|j General shelf
|
| 999 |
|
|
|c 12383
|d 12383
|
| 952 |
|
|
|0 0
|1 0
|2 ddc
|4 0
|6 551_695492000000000_CLI
|7 0
|9 20482
|a IGS
|b IGS
|c GEN
|d 2012-06-13
|e A H Development Publishing House
|g 500.00
|l 1
|m 3
|o 551.695492 CLI
|p 3010025373
|r 2014-06-09
|s 2012-12-31
|t 1
|w 2012-06-13
|y BK
|